| 000 | 00576nam a22001817a 4500 | ||
|---|---|---|---|
| 005 | 20251108164405.0 | ||
| 008 | 250721s1998 xx 000 0 ara d | ||
| 082 | 1 | 4 | _a213/شيخ |
| 100 | 1 | _aآل الشيخ، عبد الرحمن بن حسين | |
| 245 | 1 | 0 | _aفتح المجيد شرح كتاب التوحيد / |
| 264 | 1 |
_aدمشق : _bدار الخير، _c1998. |
|
| 300 | _a476ص | ||
| 650 | 1 | 7 | _aأصول الدين الإسلامي |
| 650 | 1 | 7 | _aعلم الكلام |
| 700 | 1 |
_aبن باز، عبد العزيز _eتحقيق |
|
| 942 |
_2ddc _cBK |
||
| 999 |
_c10982 _d10982 |
||